书目信息 |
| 题名: |
马列文论研究
|
|
| 作者: | ;全国马列文艺论著研究会 主编 | |
| 分册: | 第二集 | |
| 出版信息: | 北京 中国人民大学出版社 1984.07 |
|
| 页数: | 420页 | |
| 开本: | 21cm | |
| 丛书名: | ||
| 单 册: | ||
| 中图分类: | A8 | |
| 科图分类: | ||
| 主题词: | 马克思主义、列宁主义、毛泽东思想--学习 , 马克思主义、列宁主义、毛泽东思想--研究 | |
| 电子资源: | ||
| ISBN: | ||
| 000 | 00805nam0 2200253 45 | |
| 001 | 0182005001 | |
| 005 | 20060815093424.87 | |
| 010 | @dCNY1.25 | |
| 091 | @a10011.43 | |
| 100 | @a19950624f19841991em y0chiy0121 ea | |
| 101 | 0 | @achi |
| 102 | @aCN@b110000 | |
| 105 | @ay z 000yy | |
| 200 | 10 | @a马列文论研究@Ama lie wen lun yan jiu@h第二集@f全国马列文艺论著研究会主编@FQuan Guo Ma Lie Wen Yi Lun Zhu Yan Jiu Hui Zhu Bian |
| 210 | @a北京@c中国人民大学出版社@d1984.07 | |
| 215 | @a420页@d21cm | |
| 300 | @a马克思恩格斯现实主义理论研究专集 | |
| 606 | 0 | @a马克思主义、列宁主义、毛泽东思想@x学习 |
| 606 | @a马克思主义、列宁主义、毛泽东思想@x研究 | |
| 690 | @aA8@v3 | |
| 711 | 02 | @a全国马列文艺论著研究会@4主编 |
| 801 | 0 | @aCN@b上海图书馆@c20060815 |
| 801 | 2 | @aCN@bNLC@c20060722 |
| 905 | @dA8@e118:2 | |
| 马列文论研究.第二集/全国马列文艺论著研究会主编.-北京:中国人民大学出版社,1984.07 |
| 420页;21cm |
| 马克思恩格斯现实主义理论研究专集 |
| ISBN :CNY1.25 |
| ● |
| 相关链接 |
|
|
|
|
正题名:马列文论研究
索取号:A8/118:2
 
预约/预借
| 序号 | 登录号 | 条形码 | 馆藏地/架位号 | 状态 | 备注 |
| 1 | 0460185 | 204601859 | 密集书库/ [索取号:A8/118:2] | 在馆 | |
| 2 | 0460186 | 204601868 | 密集书库/ [索取号:A8/118:2] | 在馆 | |
| 3 | 0460187 | 204601877 | 密集书库/ [索取号:A8/118:2] | 在馆 |